000 00432nam a22001217a 4500
040 _cRUA
082 _a154 ហ៊ន់ 2023 A126 Or.
100 _aហ៊ន់ ហៀក
245 _aសរីរវិទ្យាសត្វក្នុងវិស័យវិទ្យាសាស្រ្តសត្វ , Animals Physiology in animal science
260 _aPHNOM PENH
_bRUA
_c2023
300 _avi,
_bill,
_c29cm,
942 _cKB
999 _c23986
_d23986